[Event "DVM U20 2023"]
[Site "Magdeburg GER"]
[Date "2023.12.30"]
[Round "7"]
[White "Astner, Sebastian"]
[Black "Jahrke, Jonas"]
[Result "1-0"]
[Termination "normal"]
[Board "8.3"]
[WhiteElo "1881"]
[BlackElo "1831"]
[WhiteClock "00:28:56"]
[BlackClock "00:06:23"]
[WhiteTeam "FC Ergolding 1932"]
[BlackTeam "SF Essen-Katernberg 04/32"]
[PlyCount "97"]
[WhiteFideId "12979422"]
[BlackFideId "12984353"]
[EventCountry "GER"]
[EventRounds "7"]
[EventType "team-swiss"]
[EventDate "2023.12.26"]

1. d4 {[%clk 01:30:57]} {[%emt 00:00:02]} Nf6 {[%clk 01:30:49]} {[%emt
00:00:11]} 2. Nc3 {[%clk 01:31:21]} {[%emt 00:00:06]} d5 {[%clk 01:31:15]}
{[%emt 00:00:05]} 3. Bf4 {[%clk 01:31:48]} {[%emt 00:00:03]} Bf5 {[%clk
01:31:20]} {[%emt 00:00:25]} 4. f3 {[%clk 01:31:17]} {[%emt 00:01:00]} e6
{[%clk 01:31:18]} {[%emt 00:00:32]} 5. g4 {[%clk 01:31:20]} {[%emt 00:00:27]}
Bg6 {[%clk 01:31:42]} {[%emt 00:00:05]} 6. h4 {[%clk 01:31:46]} {[%emt
00:00:05]} h6 {[%clk 01:31:59]} {[%emt 00:00:13]} 7. e3 {[%clk 01:31:35]}
{[%emt 00:00:41]} Bd6 {[%clk 01:31:39]} {[%emt 00:00:51]} 8. Nh3 {[%clk
01:30:51]} {[%emt 00:01:14]} Na6 {[%clk 01:26:54]} {[%emt 00:05:14]} 9. Bd3
{[%clk 01:29:06]} {[%emt 00:02:14]} Bxd3 {[%clk 01:27:11]} {[%emt 00:00:13]}
10. Qxd3 {[%clk 01:29:25]} {[%emt 00:00:11]} c6 {[%clk 01:24:29]} {[%emt
00:03:13]} 11. O-O-O {[%clk 01:28:29]} {[%emt 00:01:27]} Qe7 {[%clk 01:18:10]}
{[%emt 00:06:47]} 12. g5 {[%clk 01:23:30]} {[%emt 00:05:29]} Nh5 {[%clk
01:14:01]} {[%emt 00:04:38]} 13. Bxd6 {[%clk 01:16:51]} {[%emt 00:07:11]} Qxd6
{[%clk 01:14:20]} {[%emt 00:00:10]} 14. gxh6 {[%emt 00:07:17]} gxh6 {[%clk
01:09:44]} {[%emt 00:00:01]} 15. Rdg1 {[%clk 01:10:42]} {[%emt 00:04:58]} O-O-O
{[%clk 01:02:20]} {[%emt 00:07:55]} 16. Rg2 {[%clk 01:10:17]} {[%emt 00:00:54]}
Nb4 {[%clk 00:57:16]} {[%emt 00:05:33]} 17. Qd2 {[%clk 01:09:09]} {[%emt
00:01:40]} Rdg8 {[%clk 00:54:17]} {[%emt 00:03:27]} 18. Rhg1 {[%clk 01:08:11]}
{[%emt 00:01:28]} Qf8 {[%clk 00:49:22]} {[%emt 00:05:25]} 19. a3 {[%clk
01:05:51]} {[%emt 00:02:51]} Na6 {[%clk 00:49:36]} {[%emt 00:00:14]} 20. Qf2
{[%clk 01:04:03]} {[%emt 00:02:20]} Nc7 {[%clk 00:41:29]} {[%emt 00:08:37]} 21.
Ne2 {[%clk 00:53:00]} {[%emt 00:11:34]} Ne8 {[%clk 00:41:28]} {[%emt 00:00:30]}
22. Nhf4 {[%clk 00:49:39]} {[%emt 00:03:52]} Nef6 {[%clk 00:41:20]} {[%emt
00:00:38]} 23. Nxh5 {[%clk 00:49:19]} {[%emt 00:00:51]} Nxh5 {[%clk 00:41:46]}
{[%emt 00:00:03]} 24. e4 {[%clk 00:48:27]} {[%emt 00:01:23]} Nf6 {[%clk
00:34:21]} {[%emt 00:07:54]} 25. e5 {[%clk 00:47:32]} {[%emt 00:01:24]} Nd7
{[%clk 00:32:56]} {[%emt 00:01:55]} 26. f4 {[%clk 00:46:05]} {[%emt 00:01:58]}
c5 {[%clk 00:31:59]} {[%emt 00:01:26]} 27. c3 {[%clk 00:46:05]} {[%emt
00:00:31]} cxd4 {[%clk 00:32:11]} {[%emt 00:00:19]} 28. cxd4 {[%clk 00:46:12]}
{[%emt 00:00:22]} Kb8 {[%clk 00:30:18]} {[%emt 00:02:22]} 29. f5 {[%clk
00:45:51]} {[%emt 00:00:52]} Rxg2 {[%clk 00:28:03]} {[%emt 00:02:44]} 30. Rxg2
{[%clk 00:46:00]} {[%emt 00:00:21]} Rg8 {[%clk 00:27:25]} {[%emt 00:01:08]} 31.
f6 {[%clk 00:43:05]} {[%emt 00:03:26]} Nb6 {[%clk 00:23:50]} {[%emt 00:04:05]}
32. Nc3 {[%clk 00:42:08]} {[%emt 00:01:28]} Kc8 {[%clk 00:18:20]} {[%emt
00:05:58]} 33. Nb5 {[%clk 00:39:42]} {[%emt 00:02:57]} Nc4 {[%clk 00:16:20]}
{[%emt 00:02:29]} 34. Nxa7+ {[%clk 00:37:28]} {[%emt 00:02:44]} Kd7 {[%clk
00:16:19]} {[%emt 00:00:31]} 35. Nb5 {[%clk 00:36:41]} {[%emt 00:01:18]} h5
{[%clk 00:16:07]} {[%emt 00:00:40]} 36. Rxg8 {[%clk 00:33:44]} {[%emt
00:03:29]} Qxg8 {[%clk 00:16:35]} {[%emt 00:00:02]} 37. b3 {[%clk 00:34:05]}
{[%emt 00:00:10]} Nb6 {[%clk 00:14:29]} {[%emt 00:02:35]} 38. Qc2 {[%clk
00:32:02]} {[%emt 00:02:34]} Na8 {[%clk 00:13:39]} {[%emt 00:01:19]} 39. a4
{[%clk 00:29:31]} {[%emt 00:03:02]} b6 {[%clk 00:12:16]} {[%emt 00:01:53]} 40.
Kb2 {[%clk 00:27:03]} {[%emt 00:02:58]} Qh8 {[%clk 00:06:24]} {[%emt 00:06:21]}
41. Na7 {[%clk 00:25:50]} {[%emt 00:01:44]} Qb8 {[%clk 00:05:37]} {[%emt
00:01:17]} 42. Qc6+ {[%clk 00:26:10]} {[%emt 00:00:11]} Kd8 {[%clk 00:05:57]}
{[%emt 00:00:09]} 43. Nb5 {[%clk 00:26:32]} {[%emt 00:00:09]} Nc7 {[%clk
00:04:36]} {[%emt 00:01:49]} 44. Qxc7+ {[%clk 00:26:51]} {[%emt 00:00:11]} Qxc7
{[%clk 00:05:05]} {[%emt 00:00:02]} 45. Nxc7 {[%clk 00:27:15]} {[%emt
00:00:06]} Kxc7 {[%clk 00:05:31]} {[%emt 00:00:03]} 46. b4 {[%clk 00:27:41]}
{[%emt 00:00:05]} Kb7 {[%clk 00:05:42]} {[%emt 00:00:19]} 47. Kc3 {[%clk
00:28:04]} {[%emt 00:00:06]} Ka6 {[%clk 00:06:08]} {[%emt 00:00:05]} 48. Kd3
{[%clk 00:28:30]} {[%emt 00:00:04]} b5 {[%clk 00:06:23]} {[%emt 00:00:16]} 49.
a5 {[%clk 00:28:56]} {[%emt 00:00:04]} 1-0

[Event "DVM U20 2023"]
[Site "Magdeburg GER"]
[Date "2023.12.30"]
[Round "7"]
[White "Rasch, Lukas"]
[Black "Helmbrecht, Paul"]
[Result "1-0"]
[Termination "normal"]
[Board "8.4"]
[WhiteElo "1663"]
[BlackElo "1712"]
[WhiteClock "00:35:02"]
[BlackClock "00:31:22"]
[WhiteTeam "SF Essen-Katernberg 04/32"]
[BlackTeam "FC Ergolding 1932"]
[PlyCount "53"]
[WhiteFideId "16272072"]
[BlackFideId "16270932"]
[EventCountry "GER"]
[EventRounds "7"]
[EventType "team-swiss"]
[EventDate "2023.12.26"]

1. e4 {[%clk 01:30:54]} {[%emt 00:00:05]} c6 {[%clk 01:30:28]} {[%emt
00:00:33]} 2. d4 {[%clk 01:31:12]} {[%emt 00:00:11]} d5 {[%clk 01:30:54]}
{[%emt 00:00:04]} 3. Nd2 {[%clk 01:31:38]} {[%emt 00:00:05]} dxe4 {[%clk
01:31:20]} {[%emt 00:00:03]} 4. Nxe4 {[%clk 01:31:56]} {[%emt 00:00:13]} Bf5
{[%clk 01:31:47]} {[%emt 00:00:03]} 5. Ng3 {[%clk 01:32:22]} {[%emt 00:00:05]}
Bg6 {[%clk 01:32:13]} {[%emt 00:00:04]} 6. h4 {[%clk 01:32:46]} {[%emt
00:00:04]} h6 {[%clk 01:32:40]} {[%emt 00:00:05]} 7. Nf3 {[%clk 01:33:12]}
{[%emt 00:00:04]} Nd7 {[%clk 01:33:05]} {[%emt 00:00:04]} 8. h5 {[%clk
01:33:38]} {[%emt 00:00:05]} Bh7 {[%clk 01:33:32]} {[%emt 00:00:03]} 9. Bd3
{[%clk 01:34:02]} {[%emt 00:00:06]} Bxd3 {[%clk 01:33:57]} {[%emt 00:00:05]}
10. Qxd3 {[%clk 01:34:29]} {[%emt 00:00:04]} e6 {[%clk 01:34:21]} {[%emt
00:00:06]} 11. Bd2 {[%clk 01:34:54]} {[%emt 00:00:03]} Ngf6 {[%clk 01:34:43]}
{[%emt 00:00:09]} 12. O-O-O {[%clk 01:35:18]} {[%emt 00:00:05]} Be7 {[%clk
01:34:58]} {[%emt 00:00:16]} 13. Ne4 {[%clk 01:35:18]} {[%emt 00:00:30]} c5
{[%clk 01:32:53]} {[%emt 00:02:35]} 14. dxc5 {[%clk 01:34:46]} {[%emt
00:01:02]} Nxe4 {[%clk 01:29:13]} {[%emt 00:04:10]} 15. Qxe4 {[%clk 01:35:11]}
{[%emt 00:00:05]} Nxc5 {[%clk 01:23:30]} {[%emt 00:06:13]} 16. Qe5 {[%clk
01:34:36]} {[%emt 00:01:05]} Nd7 {[%clk 01:16:26]} {[%emt 00:07:34]} 17. Qxg7
{[%clk 01:26:22]} {[%emt 00:08:45]} Bf6 {[%clk 01:16:31]} {[%emt 00:00:24]} 18.
Qg3 {[%clk 01:21:51]} {[%emt 00:05:01]} Qb6 {[%clk 01:16:04]} {[%emt 00:00:57]}
19. c3 {[%clk 01:15:12]} {[%emt 00:07:08]} O-O-O {[%clk 01:12:38]} {[%emt
00:03:57]} 20. Be3 {[%clk 00:57:48]} {[%emt 00:17:55]} Qa5 {[%clk 01:10:45]}
{[%emt 00:02:21]} 21. Kb1 {[%clk 00:52:55]} {[%emt 00:05:23]} Rhg8 {[%clk
01:02:48]} {[%emt 00:08:28]} 22. Qh3 {[%clk 00:43:40]} {[%emt 00:09:45]} Ne5
{[%clk 00:46:45]} {[%emt 00:16:32]} 23. Nxe5 {[%clk 00:37:53]} {[%emt
00:06:17]} Qxe5 {[%clk 00:46:27]} {[%emt 00:00:49]} 24. Qf3 {[%clk 00:37:47]}
{[%emt 00:00:36]} a6 {[%clk 00:35:46]} {[%emt 00:11:09]} 25. Bd4 {[%clk
00:36:30]} {[%emt 00:01:49]} Rxd4 {[%clk 00:33:16]} {[%emt 00:03:00]} 26. Rxd4
{[%clk 00:36:06]} {[%emt 00:00:54]} Kb8 {[%clk 00:31:22]} {[%emt 00:02:21]} 27.
Rd7 {[%clk 00:35:02]} {[%emt 00:01:36]} 1-0

[Event "DVM U20 2023"]
[Site "Magdeburg GER"]
[Date "2023.12.30"]
[Round "7"]
[White "Lichtinger, Simon"]
[Black "Becker, Samuel"]
[Result "1-0"]
[Termination "normal"]
[Board "8.5"]
[WhiteElo "1709"]
[BlackElo "1338"]
[WhiteClock "00:02:08"]
[BlackClock "00:17:27"]
[WhiteTeam "FC Ergolding 1932"]
[BlackTeam "SF Essen-Katernberg 04/32"]
[PlyCount "65"]
[WhiteFideId "16230442"]
[BlackFideId "16271653"]
[EventCountry "GER"]
[EventRounds "7"]
[EventType "team-swiss"]
[EventDate "2023.12.26"]

1. d4 {[%clk 01:30:59]} d5 {[%clk 01:30:54]} {[%emt 00:00:06]} 2. Nc3 {[%clk
01:31:28]} {[%emt 00:00:02]} Nf6 {[%clk 01:31:17]} {[%emt 00:00:07]} 3. Bf4
{[%clk 01:31:55]} {[%emt 00:00:02]} c5 {[%clk 01:31:30]} {[%emt 00:00:18]} 4.
e3 {[%clk 01:32:02]} {[%emt 00:00:23]} cxd4 {[%clk 01:31:52]} {[%emt 00:00:08]}
5. exd4 {[%clk 01:32:31]} {[%emt 00:00:01]} a6 {[%clk 01:32:08]} {[%emt
00:00:14]} 6. Nf3 {[%clk 01:32:35]} {[%emt 00:00:25]} Nc6 {[%clk 01:32:28]}
{[%emt 00:00:10]} 7. Ne5 {[%clk 01:31:46]} {[%emt 00:01:19]} Bd7 {[%clk
01:32:49]} {[%emt 00:00:09]} 8. Nxc6 {[%clk 01:23:55]} {[%emt 00:08:21]} Bxc6
{[%clk 01:33:08]} {[%emt 00:00:11]} 9. Be2 {[%clk 01:20:29]} {[%emt 00:03:57]}
e6 {[%clk 01:33:04]} {[%emt 00:00:34]} 10. O-O {[%clk 01:19:02]} {[%emt
00:01:57]} Bb4 {[%clk 01:33:25]} {[%emt 00:00:10]} 11. a3 {[%clk 00:59:34]}
{[%emt 00:19:57]} Bxc3 {[%clk 01:33:43]} {[%emt 00:00:12]} 12. bxc3 {[%clk
00:57:33]} {[%emt 00:02:31]} O-O {[%clk 01:31:49]} {[%emt 00:02:23]} 13. c4
{[%clk 00:53:29]} {[%emt 00:04:35]} dxc4 {[%clk 01:28:32]} {[%emt 00:03:47]}
14. Bxc4 {[%clk 00:52:00]} {[%emt 00:01:58]} b5 {[%clk 01:28:55]} {[%emt
00:00:08]} 15. Be2 {[%clk 00:48:12]} {[%emt 00:04:16]} Ne4 {[%clk 01:24:05]}
{[%emt 00:05:21]} 16. Qd3 {[%clk 00:44:32]} {[%emt 00:04:08]} Nf6 {[%clk
01:18:15]} {[%emt 00:06:22]} 17. Qd2 {[%clk 00:26:18]} {[%emt 00:18:44]} Rc8
{[%clk 01:08:29]} {[%emt 00:10:16]} 18. f3 {[%clk 00:07:40]} {[%emt 00:19:09]}
Bd5 {[%clk 01:00:24]} {[%emt 00:08:34]} 19. Bg5 {[%clk 00:04:20]} {[%emt
00:03:50]} Bc4 {[%clk 00:58:24]} {[%emt 00:02:30]} 20. Bxc4 {[%clk 00:03:17]}
{[%emt 00:01:31]} Rxc4 {[%clk 00:57:36]} {[%emt 00:01:20]} 21. Rfd1 {[%clk
00:01:41]} {[%emt 00:02:06]} Qe7 {[%clk 00:53:46]} {[%emt 00:04:20]} 22. c3
{[%clk 00:00:35]} {[%emt 00:01:37]} Rfc8 {[%clk 00:50:45]} {[%emt 00:03:30]}
23. Rdc1 {[%clk 00:00:52]} {[%emt 00:00:13]} e5 {[%clk 00:41:47]} {[%emt
00:09:28]} 24. Re1 {[%clk 00:00:34]} {[%emt 00:00:47]} Qd6 {[%clk 00:28:38]}
{[%emt 00:13:40]} 25. Rxe5 {[%clk 00:00:36]} {[%emt 00:00:28]} Nd7 {[%clk
00:28:30]} {[%emt 00:00:38]} 26. Re7 {[%clk 00:00:34]} {[%emt 00:00:33]} f6
{[%clk 00:26:22]} {[%emt 00:02:38]} 27. Rae1 {[%clk 00:00:47]} {[%emt
00:00:16]} fxg5 {[%clk 00:22:57]} {[%emt 00:03:55]} 28. Qxg5 {[%clk 00:01:15]}
{[%emt 00:00:03]} Qf6 {[%clk 00:20:30]} {[%emt 00:02:56]} 29. Qd5+ {[%clk
00:01:33]} {[%emt 00:00:12]} Kf8 {[%clk 00:20:18]} {[%emt 00:00:42]} 30. Qxd7
{[%clk 00:01:39]} {[%emt 00:00:24]} Qg6 {[%clk 00:18:50]} {[%emt 00:01:58]} 31.
R1e6 {[%clk 00:01:28]} {[%emt 00:00:40]} Qb1+ {[%clk 00:19:02]} {[%emt
00:00:20]} 32. Kf2 {[%clk 00:01:43]} {[%emt 00:00:15]} Qc2+ {[%clk 00:17:27]}
{[%emt 00:02:06]} 33. Kg3 {[%clk 00:02:08]} {[%emt 00:00:05]} 1-0

[Event "DVM U20 2023"]
[Site "Magdeburg GER"]
[Date "2023.12.30"]
[Round "7"]
[White "Beliaev, Maksim"]
[Black "Karlinger De la Quintana, Ainhoa"]
[Result "0-1"]
[Termination "normal"]
[Board "8.6"]
[WhiteElo "1086"]
[BlackElo "1348"]
[WhiteClock "00:44:01"]
[BlackClock "00:24:27"]
[WhiteTeam "SF Essen-Katernberg 04/32"]
[BlackTeam "FC Ergolding 1932"]
[PlyCount "71"]
[BlackFideId "16217268"]
[EventCountry "GER"]
[EventRounds "7"]
[EventType "team-swiss"]
[EventDate "2023.12.26"]

1. c4 {[%clk 01:30:59]} {[%emt 00:00:02]} c6 {[%clk 01:29:45]} {[%emt
00:01:15]} 2. Nf3 {[%clk 01:31:16]} {[%emt 00:00:13]} d5 {[%clk 01:30:01]}
{[%emt 00:00:14]} 3. b3 {[%clk 01:31:40]} {[%emt 00:00:07]} Bf5 {[%clk
01:29:12]} {[%emt 00:01:17]} 4. Bb2 {[%clk 01:31:59]} {[%emt 00:00:11]} e6
{[%clk 01:29:27]} {[%emt 00:00:15]} 5. d3 {[%clk 01:31:42]} {[%emt 00:00:46]}
Nf6 {[%clk 01:29:22]} {[%emt 00:00:36]} 6. Nbd2 {[%clk 01:31:40]} {[%emt
00:00:32]} h6 {[%clk 01:27:14]} {[%emt 00:02:39]} 7. Nh4 {[%clk 01:31:33]}
{[%emt 00:00:37]} Bh7 {[%clk 01:26:57]} {[%emt 00:00:47]} 8. g3 {[%clk
01:31:46]} {[%emt 00:00:17]} Be7 {[%clk 01:26:36]} {[%emt 00:00:51]} 9. Bg2
{[%clk 01:30:40]} {[%emt 00:01:35]} O-O {[%clk 01:24:46]} {[%emt 00:02:20]} 10.
O-O {[%clk 01:30:54]} {[%emt 00:00:17]} Nbd7 {[%clk 01:20:40]} {[%emt
00:04:36]} 11. f4 {[%clk 01:28:03]} {[%emt 00:03:21]} Qb6+ {[%clk 01:18:54]}
{[%emt 00:02:16]} 12. Kh1 {[%clk 01:25:19]} {[%emt 00:03:15]} Ng4 {[%clk
01:17:11]} {[%emt 00:02:14]} 13. e4 {[%clk 01:19:46]} {[%emt 00:06:03]} Ne3
{[%clk 01:15:17]} {[%emt 00:02:24]} 14. Qf3 {[%clk 01:14:56]} {[%emt 00:05:19]}
Nxf1 {[%clk 01:14:48]} {[%emt 00:00:59]} 15. Rxf1 {[%clk 01:14:53]} {[%emt
00:00:32]} Bxh4 {[%clk 01:13:04]} {[%emt 00:02:16]} 16. gxh4 {[%clk 01:15:14]}
{[%emt 00:00:08]} d4 {[%clk 01:12:07]} {[%emt 00:01:27]} 17. Qg3 {[%clk
01:10:11]} {[%emt 00:05:33]} g6 {[%clk 01:02:59]} {[%emt 00:09:38]} 18. Bf3
{[%clk 01:09:49]} {[%emt 00:00:51]} c5 {[%clk 01:00:21]} {[%emt 00:03:09]} 19.
e5 {[%clk 01:09:24]} {[%emt 00:00:54]} Kh8 {[%clk 00:54:06]} {[%emt 00:06:46]}
20. Ne4 {[%clk 01:03:19]} {[%emt 00:06:34]} f6 {[%clk 00:48:47]} {[%emt
00:05:50]} 21. h5 {[%clk 00:59:33]} {[%emt 00:04:17]} g5 {[%clk 00:43:34]}
{[%emt 00:05:42]} 22. Nxf6 {[%clk 00:54:04]} {[%emt 00:05:59]} Nxf6 {[%clk
00:43:01]} {[%emt 00:01:03]} 23. exf6 {[%clk 00:54:09]} {[%emt 00:00:25]} Qc7
{[%clk 00:38:12]} {[%emt 00:05:19]} 24. Be4 {[%clk 00:52:17]} {[%emt 00:02:22]}
Rxf6 {[%clk 00:36:41]} {[%emt 00:02:01]} 25. Bxh7 {[%clk 00:48:47]} {[%emt
00:04:01]} Kxh7 {[%clk 00:36:37]} {[%emt 00:00:33]} 26. Bc1 {[%clk 00:43:55]}
{[%emt 00:05:21]} Rg8 {[%clk 00:30:46]} {[%emt 00:06:20]} 27. Qf3 {[%clk
00:43:56]} {[%emt 00:00:30]} Qc6 {[%clk 00:28:14]} {[%emt 00:03:03]} 28. Qxc6
{[%clk 00:43:25]} {[%emt 00:01:01]} bxc6 {[%clk 00:28:38]} {[%emt 00:00:06]}
29. h3 {[%clk 00:43:36]} {[%emt 00:00:19]} Rgf8 {[%clk 00:28:05]} {[%emt
00:01:03]} 30. Kg2 {[%clk 00:43:21]} {[%emt 00:00:45]} gxf4 {[%clk 00:27:52]}
{[%emt 00:00:42]} 31. Kf3 {[%clk 00:43:38]} {[%emt 00:00:14]} Rf5 {[%clk
00:26:50]} {[%emt 00:01:33]} 32. Bd2 {[%clk 00:43:09]} {[%emt 00:00:59]} Rxh5
{[%clk 00:24:52]} {[%emt 00:02:28]} 33. Bxf4 {[%clk 00:43:27]} {[%emt
00:00:13]} e5 {[%clk 00:24:32]} {[%emt 00:00:49]} 34. Kg4 {[%clk 00:43:33]}
{[%emt 00:00:24]} Rxf4+ {[%clk 00:24:10]} {[%emt 00:00:52]} 35. Rxf4 {[%clk
00:43:36]} {[%emt 00:00:27]} exf4 {[%clk 00:24:27]} {[%emt 00:00:14]} 36. Kxh5
{[%clk 00:44:01]} {[%emt 00:00:05]} 0-1